00542nam a2200169Ia 4500003000900000008004100009020001500050040001600065080001300081100001700094245012300111260003300234300001600267650004100283650002400324650002400348IN-BaIIA211028s9999 xx 000 0 eng d a0-189650-1 cIIA Library a535bCOR aCornbleet, S 0aMicrowave opticsbthe optics of microwave antenna designcS. Cornbleet  aLondonbAcademic Pressc1976 axvii, 416p. aAstronomy and astrophysics thesaurus aMicrowaves - optics aMillimeter - optics